[Event "Quebec Carnaval op"]
[Site "Quebec"]
[Date "2002.02.08"]
[Round "1"]
[White "Warren, Alexander"]
[Black "Dussault, Jean Charles"]
[Result "0-1"]
[WhiteElo "1458"]
[BlackElo "1405"]
[PlyCount "82"]
[EventDate "2002.02.??"]
[EventType "swiss"]
[EventRounds "5"]
[EventCountry "CAN"]
[SourceTitle "EXT 2006"]
[Source "ChessBase"]
[SourceDate "2005.11.24"]
[SourceVersion "1"]
[SourceVersionDate "2005.11.24"]
[SourceQuality "1"]

1. d4 Nf6 2. Nf3 c5 3. e3 Nc6 4. c3 e6 5. Bd3 d5 6. Nbd2 Be7 7. 0-0 0-0 8. dxc5 Bxc5 9. e4 Qc7 10. Qe2 e5 11. exd5 Nxd5 12. Bxh7+ Kh8 13. Ne4 Be7 14. Nfg5 g6 15. Rd1 Nf6 16. Nxf6 Bxf6 17. Qe4 Bxg5 18. Bxg5 f5 19. Qd5 Kxh7 20. Rd3 f4 21. Re1 Bf5 22. Rf3 Rae8 23. Qc5 b6 24. Qc4 Be6 25. Qd3 Bf5 26. Rh3+ Bxh3 27. Qxh3+ Kg8 28. Qd3 Rf5 29. Qd5+ Kh7 30. Qf3 Rxg5 31. h4 Rf5 32. Rd1 e4 33. Qg4 Ne5 34. Qe2 Qc6 35. Rd4 Nf7 36. Qg4 e3 37. fxe3 fxe3 38. Qe2 Rf2 39. Qg4 e2 40. Rd7 e1Q+ 41. Kh2 Rxg2+ 0-1